| 000 | 00747nam a2200253 a 4500 | ||
|---|---|---|---|
| 999 |
_c862 _d862 |
||
| 008 | 191106r19702011ii ad||g |||| 00| 0 eng d | ||
| 020 |
_a9788126530755 _cRs. 395.00 |
||
| 040 |
_aKO _beng |
||
| 041 | 0 | _aeng | |
| 044 | _aii | ||
| 082 | 0 | 4 |
_223 _a808.066 _bAn2311 |
| 100 | 1 | _aAnderson, Jonathan | |
| 245 | 1 | 0 |
_aAssignment and Thesis Writing / _cJonathan Anderson and Millicent Poole |
| 250 | _a4th ed. | ||
| 260 |
_aNew Delhi : _bWiley India Pvt. Ltd. , _c1970, reprinted 2011 |
||
| 300 |
_axvii, 174 p. : _bill. ; _c22 cm. |
||
| 504 | _aIncludes Index. | ||
| 650 | 0 |
_aDissertations; Report writing _xAcademic |
|
| 650 | 0 |
_aHandbooks; manuals _xResearch |
|
| 700 |
_aPoole, Millicent _eaut |
||
| 904 | _aA_BOSE | ||
| 942 | _cBK | ||